| 000 | 00898nam a2200277 a 4500 | ||
|---|---|---|---|
| 001 | 25360 | ||
| 003 | CO-ViMGA | ||
| 005 | 20230915232054.0 | ||
| 008 | 141112s2004 ck r 000 u spa d | ||
| 015 | _ack - 2002 - xxxx | ||
| 020 | _a9583508332 | ||
| 035 | _aAHN2371 LA | ||
| 040 |
_aCO-ViMGA _bspa _cCO-ViMGA |
||
| 041 | _aspa | ||
| 043 | _as - ck - - - - | ||
| 082 | 0 | 4 | _a341 M65d |
| 100 | 1 |
_aMonroy Cabra, Marco Gerardo, 1940 - _938661 |
|
| 245 | 1 | 0 |
_aDerecho internacional público / _cMarco Gerardo Monroy Cabra. |
| 250 | _a6a. ed. actualizada. | ||
| 260 |
_aBogotá : _bEditorial Temis, _c2011. |
||
| 300 | _axxxiii, 812 p. ; 24 cm. | ||
| 504 | _aIncluye bibliografías e índice. | ||
| 650 | 1 | 4 | _aDerecho internacional público. |
| 852 | _1.908.96 | ||
| 942 |
_2ddc _cBK |
||
| 999 |
_c32967 _d32967 |
||